Matemáticas aplicadas para economía y negocios: con una introducción a matrices
Uloženo v:
| Hlavní autor: | |
|---|---|
| Médium: | Kniha |
| Jazyk: | španělština |
| Vydáno: |
Englewood Cliffs
Prentice-Hall
1981
|
| Témata: | |
| Tagy: |
Přidat tag
Žádné tagy, Buďte první, kdo vytvoří štítek k tomuto záznamu!
|
MARC
| LEADER | 00000nam a2200000 a 4500 | ||
|---|---|---|---|
| 001 | UCW1030 | ||
| 003 | CL-VaPUC | ||
| 008 | 900926e19810000US |||||||||||||||||spa|d | ||
| 020 | |a 0135609534 | ||
| 082 | 0 | 4 | |a 330.0151 |b BEE |2 21 |
| 100 | 0 | |a Beer, Gerald Alan |e author |9 304954 | |
| 245 | 1 | 0 | |a Matemáticas aplicadas para economía y negocios: con una introducción a matrices |
| 300 | |a 480 p | ||
| 942 | |c BK | ||
| 945 | |d 19900926 00:00:00 | ||
| 260 | |a Englewood Cliffs |b Prentice-Hall |c 1981 | ||
| 650 | 0 | |a Matemáticas financieras |9 260347 | |
| 650 | 0 | |a Funciones |9 263869 | |
| 650 | 0 | |a Matrices |9 22 | |
| 583 | |a last modification |c 20150714 03:54:45 |k Rodrigo Vera | ||
| 999 | |c 216012 |d 216010 | ||
| 952 | |0 0 |1 0 |4 0 |6 330_015100000000000_BEE_1981 |7 0 |8 A |9 201371 |a BIBMAT |b BIBMAT |d 2019-11-14 |i 2685426 |o 330.0151 BEE 1981 |p 2685426 |r 2025-01-07 |w 2019-11-14 |y BK |k MAT | ||